<?xml version="1.0" encoding="UTF-8"?>
<collection xmlns="http://www.loc.gov/MARC21/slim">
 <record>
  <leader>00656nab a2200169 i 4500</leader>
  <controlfield tag="001">misc3479</controlfield>
  <controlfield tag="005">20191106141817.0</controlfield>
  <controlfield tag="008">170607s1947    hu      o     0||   hun d</controlfield>
  <datafield tag="040" ind1=" " ind2=" ">
   <subfield code="a">SZTE Miscellanea Repozitórium</subfield>
   <subfield code="b">hun</subfield>
  </datafield>
  <datafield tag="041" ind1=" " ind2=" ">
   <subfield code="a">hun</subfield>
  </datafield>
  <datafield tag="100" ind1="1" ind2=" ">
   <subfield code="a">Désy Károly</subfield>
  </datafield>
  <datafield tag="245" ind1="1" ind2="0">
   <subfield code="a">Gyalogság harcászati kiképzése és tisztikara </subfield>
   <subfield code="h">[elektronikus dokumentum] :</subfield>
   <subfield code="b">(&quot;Vojennij Vjesztnik&quot; 1946. évi 2. számából, Kurakin alezredes cikke nyomán) /</subfield>
   <subfield code="c"> Désy Károly</subfield>
  </datafield>
  <datafield tag="260" ind1=" " ind2=" ">
   <subfield code="c">1947</subfield>
  </datafield>
  <datafield tag="300" ind1=" " ind2=" ">
   <subfield code="a">67-68</subfield>
  </datafield>
  <datafield tag="490" ind1="0" ind2=" ">
   <subfield code="a">Honvéd : katonai folyóirat</subfield>
   <subfield code="v">2 No. 11</subfield>
  </datafield>
  <datafield tag="695" ind1=" " ind2=" ">
   <subfield code="a">Hadtudomány</subfield>
  </datafield>
  <datafield tag="856" ind1="4" ind2="0">
   <subfield code="u">http://misc.bibl.u-szeged.hu/3479/1/honved_002_011_067-068.pdf</subfield>
   <subfield code="z">Dokumentum-elérés </subfield>
  </datafield>
 </record>
</collection>
